000 00678cam a2200193 4500
001 WB3616-08
008 000000n2000 000 0 eng u
035 _a(Sirsi) u105564
245 _aBuilding for a brighter future
260 _c2000
490 _aTimes
_vWeekend 22 April 2000, 13(1)
520 _aDiscusses the work of the Association for Environment Consious Building and its latest publication "Real Green Book for 2000". Web site www.aecb.net.
590 _aWB
650 0 _aASSOCIATION FOR ENVIRONMENT CONSCIOUS BUILDING
650 _aGREEN BUILDING
650 _aSUSTAINABLE DEVELOPMENT
690 _aBUILT ENVIRONMENT-SUSTAINABLE CONSTRUCTION
942 _n0
999 _c63251
_d63251